Filosofía del derecho : la teoría pura del derecho y el derecho positivo /
Contenido: El derecho positivo factum de la jurisprudencia pura; La teoría pura como teoría general del derecho; La norma jurídica y el principio de imputación normativa; La norma hipotética y la validez de las normas jurídicas; La norma hipotética y su relación con el principio de efectividad del o...
Сохранить в:
| Главный автор: | |
|---|---|
| Формат: | |
| Язык: | испанский |
| Опубликовано: |
México :
Porrúa,
2003, c2003
|
| Предметы: | |
| Метки: |
Нет меток, Требуется 1-ая метка записи!
|
MARC
| LEADER | 00000nam^a2200000^a^4500 | ||
|---|---|---|---|
| 001 | 000171404 | ||
| 005 | 20250521000000.0 | ||
| 009 | 20260310101345.049 | ||
| 020 | |a 970-07-4592-9 | ||
| 037 | |a Acervo ITESO - Biblioteca | ||
| 041 | |a ESP | ||
| 082 | |a 340. 1 |b HIG | ||
| 100 | |a Higareda Loyden, Yolanda |e (autor) | ||
| 245 | 1 | 0 | |a Filosofía del derecho : |b la teoría pura del derecho y el derecho positivo / |c Y. Hagareda Loyden. |
| 264 | 4 | |a México : |b Porrúa, |c 2003, c2003 | |
| 300 | |a L, 209 p. | ||
| 336 | |a texto |b txt |2 rdacontenido | ||
| 337 | |a sin mediación |b n |2 rdamedio | ||
| 338 | |a volumen |b nc |2 rdasoporte | ||
| 520 | |a Contenido: El derecho positivo factum de la jurisprudencia pura; La teoría pura como teoría general del derecho; La norma jurídica y el principio de imputación normativa; La norma hipotética y la validez de las normas jurídicas; La norma hipotética y su relación con el principio de efectividad del orden jurídico; La dinámica del derecho; El principio de la plenitud hermética del orden jurídico; La teoría pura del derecho y la disolución de los dualismos jurídicos; La persona jurídica y el falso dualismo entre persona física y persona jurídica; El dualismo clásico entre Estado y derecho. | ||
| 649 | |a XX | ||
| 650 | |a Ley (Teoría) | ||
| 650 | |a Jurisprudencia - |x Teoría | ||
| 650 | |a Derecho de las Personas - |x Teoría | ||
| 650 | |a Estado, El - |x Teoría | ||
| 650 | |a Derecho Positivo - |x Teoría | ||
| 650 | |a Derecho - |x Filosofía | ||
| 650 | |a Derecho - |x Teoría | ||
| 910 | |a Fondo General | ||
| 920 | |a Impresos - Libros | ||
| 930 | |a Colección General | ||
| 905 | |a 101 | ||
| 901 | |a 0500108719 |b IT1 |c ACC |u 20250521 | ||
| 902 | |a https://opac.biblio.iteso.mx/vufind/Record/000171404 | ||